Statystyki dla JAKI MOŻE BYĆ EGZAMIN?

Kliknij tutaj aby rozwiązać quiz!

Ogólne statystyki

  • Ten quiz został rozwiązany 35 razy
  • Średni wynik to 2 z 5

Statystyki odpowiedzi

Odpowiedź% Poprawnych
NA PRAWO JAZDY
56%
USTNY
41%
ZAWODOWY
38%
DOJRZAŁOŚCI
25%
KOMISYJNY
6%

Rozkład punktacji

Percentyl według liczby udzielonych odpowiedzi

Procent ludzi z każdym wynikiem

Twoja historia wyników

Nie rozwiązałeś tego quizu